OFT v Foxtons (Record no. 81912)

MARC details
000 -LEADER
fixed length control field 01093cab a22002295a 4500
001 - CONTROL NUMBER
control field L148623
008 - FIXED-LENGTH DATA ELEMENTS--GENERAL INFORMATION
fixed length control field 091013s2009 xxk f g 000 0 eng d
035 ## - SYSTEM CONTROL NUMBER
System control number (Sirsi) u148623
041 0# - LANGUAGE CODE
Language code of text/sound track or separate title eng
100 1# - MAIN ENTRY--PERSONAL NAME
Personal name Smith, David
245 00 - TITLE STATEMENT
Title OFT v Foxtons
Remainder of title implications for lettings
260 ## - PUBLICATION, DISTRIBUTION, ETC.
Date of publication, distribution, etc. 2009
490 ## - SERIES STATEMENT
Series statement The Estate Agent
Volume/sequential designation September 2009, 29-32(3)
520 ## - SUMMARY, ETC.
Summary, etc. Commentary on the court's judgment on the case "Office of Fair Trading v Foxtons Limited" of 10 July 2009. Provides a detailed analysis of the relevant law, the history of the case, the issues still not resolved. Includes a practice note to help estate agents in dealing with changes resulting from this decision. Other related records can be found by searching "Office Of Fair Trading v Foxtons Ltd" as a subject in the catalogue.
590 ## - LOCAL NOTE (RLIN)
Local note KA
650 24 - SUBJECT ADDED ENTRY--TOPICAL TERM
Topical term or geographic name entry element OFFICE OF FAIR TRADING V FOXTONS LTD
650 24 - SUBJECT ADDED ENTRY--TOPICAL TERM
Topical term or geographic name entry element UNFAIR TERMS IN CONSUMER CONTRACTS 1999
651 #4 - SUBJECT ADDED ENTRY--GEOGRAPHIC NAME
Geographic name England and Wales
Chronological subdivision 1543-
690 ## - LOCAL SUBJECT ADDED ENTRY--TOPICAL TERM (OCLC, RLIN)
Topical term or geographic name as entry element MANAGEMENT-PROJECT MANAGEMENT-CONTRACT ADMINISTRATION
690 ## - LOCAL SUBJECT ADDED ENTRY--TOPICAL TERM (OCLC, RLIN)
Topical term or geographic name as entry element Landlord and tenant
9 (RLIN) 6252
942 ## - ADDED ENTRY ELEMENTS (KOHA)
Suppress in OPAC 0
Holdings
Withdrawn status Lost status Source of classification or shelving scheme Damaged status Not for loan Home library Current library Shelving location Date acquired Total Checkouts Full call number Barcode Date last seen Copy number Price effective from Koha item type
    Dewey Decimal Classification     London London Journal article 13/10/2009   L148623 148623-3001 06/08/2019 1 06/08/2019 Journal article